Biology. (8th ed.) (Record no. 81125)
[ view plain ]
| 000 -LEADER | |
|---|---|
| fixed length control field | 00960nam a2200229 a 4500 |
| 008 - FIXED-LENGTH DATA ELEMENTS--GENERAL INFORMATION | |
| fixed length control field | 100804s2008 ||||||||||||||||| || u |
| 020 ## - INTERNATIONAL STANDARD BOOK NUMBER | |
| International Standard Book Number | 9780321536167 |
| 050 ## - LIBRARY OF CONGRESS CALL NUMBER | |
| Classification number | QH 308.2 Bio |
| 100 ## - MAIN ENTRY--PERSONAL NAME | |
| Personal name | Campbell, Neil A |
| 245 10 - TITLE STATEMENT | |
| Title | Biology. (8th ed.) |
| Statement of responsibility, etc. | by Neil A. Campbell; [and others] |
| 250 ## - EDITION STATEMENT | |
| Edition statement | 8th ed. |
| 260 ## - PUBLICATION, DISTRIBUTION, ETC. | |
| Place of publication, distribution, etc. | San Francisco, CA: |
| Name of publisher, distributor, etc. | Pearson Education, Inc |
| Date of publication, distribution, etc. | 2008 |
| 300 ## - PHYSICAL DESCRIPTION | |
| Extent | xlvi, 1267P. ; various pagings: ill. |
| 350 ## - | |
| -- | 0.00 |
| 500 ## - GENERAL NOTE | |
| General note | Accompanied By Student Access Kit |
| 650 #7 - SUBJECT ADDED ENTRY--TOPICAL TERM | |
| Topical term or geographic name entry element | SCIENCE |
| Source of heading or term | fast |
| 650 ## - SUBJECT ADDED ENTRY--TOPICAL TERM | |
| Topical term or geographic name entry element | BIOLOGY--STUDY AND TEACHING |
| 700 ## - ADDED ENTRY--PERSONAL NAME | |
| Personal name | Reece, Jane B |
| 700 ## - ADDED ENTRY--PERSONAL NAME | |
| Personal name | Urry, Lisa A |
| 995 ## - | |
| -- | BINDERY (DAMAGED) |
| -- | 0.00 |
| -- | 741668 |
| -- | CBU-MAIN LIBRARY (Kitwe) |
| -- | 1 |
| -- | 0.00 |
| -- | QH 308.2 BIO |
| -- | 2 |
| -- | DAMAGED |
| -- | Oct 6, 2010 |
| -- | 741668 |
| -- | Main Library Open Access Collection |
| 995 ## - | |
| -- | MAIN LIBRARY OPEN ACCESS |
| -- | 0.00 |
| -- | 741567 |
| -- | CBU-MAIN LIBRARY (Kitwe) |
| -- | 1 |
| -- | 0.00 |
| -- | QH 308.2 BIO |
| -- | 1 |
| -- | AVAILABLE |
| -- | Aug 20, 2010 |
| -- | 741567 |
| -- | Main Library Open Access Collection |
| 999 ## - | |
| -- | 81125 |
| -- | 81125 |
| Withdrawn status | Lost status | Source of classification or shelving scheme | Damaged status | Not for loan | Permanent Location | Current Location | Shelving location | Date acquired | Total Checkouts | Full call number | Barcode | Date last seen | Copy number | Price effective from | Koha item type | Date last checked out |
|---|---|---|---|---|---|---|---|---|---|---|---|---|---|---|---|---|
| CBU-MAIN LIBRARY, KITWE. | CBU-MAIN LIBRARY, KITWE. | 07/19/2023 | QH 308.2 Bio | 741668 | 07/19/2023 | 1 | 07/19/2023 | MONOGRAPH | ||||||||
| CBU-MAIN LIBRARY, KITWE. | CBU-MAIN LIBRARY, KITWE. | 07/19/2023 | 2 | QH 308.2 Bio | 741567 | 06/10/2025 | 2 | 07/19/2023 | MONOGRAPH | 06/10/2025 |